000 00805nam a2200241 i 4500
003 DO-SdBNP
005 20250610150725.0
007 ta
008 210604e2019 dr acd|er|||| 001 0 spa d
020 _a9789945918601
040 _aDO-SdBNP
_bspa
_cBNPHU
_erda
041 _aspa
082 4 _axxx
_bP699i
_222
245 0 0 _aPlan Estratégico Nacional de seguridad vial de motocicletas para la República Dominicana :
_b(pensv-m) 2019-2022
264 1 _aSanto Dopmingo :
_bInstituto Nacional de Tránsito y Transporte Terrestre (INTRAN),
_c2019.
300 _a119 páginas :
_bilustraciones, retratos ;
_c28 cm.
336 _atexto
_btxt
_2rdacontent
337 _asin mediación
_bn
_2rdamedia
338 _avolumen
_bnc
_2rdacarrier
590 _aInventariado, 2021/MF
910 _aMF
942 _2ddc
_cLBS1
999 _c49880
_d49880